| 000 | 00000nam##2200000za#4500 |
| 001 | 9.689589 |
| 003 | CaOODSP |
| 005 | 20210624231950 |
| 007 | cr ||||||||||| |
| 008 | 150407|2007||||xxc|||||o f|0| 0 eng|d |
| 020 | |a978-0-662-45590-5 |
| 040 | |aCaOODSP|beng |
| 043 | |an-cn--- |
| 086 | 1 |aCi51-203/2007E-PDF |
| 110 | 1 |aCanada. |bCitizenship and Immigration Canada. |
| 245 | 10|aRetaining your Canadian citizenship : |h[electronic resource]|bfor people born after February 14, 1977, outside Canada to a Canadian parent |
| 260 | |aOttawa - Ontario : |bCitizenship and Immigration Canada |cc2007. |
| 300 | |a8p.|billus. |
| 500 | |aThe catalogue number (Ci51-203/2007) and ISBN (978-0-662-69715-2) for the bilingual print edition have been incorrectly copied in this electronic publication. |
| 590 | |a12-22-Supp|b2012-05-24 |
| 690 | 07|aCitizenship|2gcpds |
| 776 | 0#|tRetaining your Canadian citizenship : |w(CaOODSP)9.668627 |
| 776 | 0#|tConserver votre citoyenneté canadien : |w(CaOODSP)9.668628 |
| 856 | 40|ahttp://publications.gc.ca|qPDF|s269 KB|uhttps://publications.gc.ca/collections/collection_2012/cic/Ci51-203-2007-eng.pdf |
| 986 | |aC&I-482-03-07 |